000 00871cam a2200241 4500
999 _c28995
_d28995
001 2663598
005 20181004093908.0
008 720410s1971 cau 000 0 eng
010 _a 72178787
040 _aDLC
_cDLC
_dDLC
050 0 0 _aBS2095
_b.N35 1971
130 0 _aBible.
_pNew Testament.
_lEnglish.
245 1 0 _a New Testament, Psalms/
250 _aText ed.
260 _aU.S.A:
_bGideons International,
_c[1971]
300 _aix, 520p.
_c20 cm.
730 0 _aBible.
_pPsalms.
_lEnglish.
_sNew American Standard.
_f1971.
906 _a7
_bcbc
_corignew
_d2
_encip
_f19
_gy-gencatlg
942 _2lcc
_cREF_BOOK
_hREF BS 2095 .N35 1971